000 00388nam a2200169Ia 4500
003 0STCL
008 150530s9999 xx 000 0 und d
040 _aSTCL
_cSTCL
100 _aBraungart, D.C.; Arnett, R.H.
245 _aIntroduction to plant biology
250 _aSecond
260 _c1965
546 _aEnglish
942 _2ddc
_cBK
999 _c36333
_d36333
005 20220125170401.0